[Event "Wijk aan Zee II"]
[Site "Wijk aan Zee II"]
[Date "1996.??.??"]
[Round "1"]
[White "Gretarsson, Helgi&Ass"]
[Black "Garcia, Gildardo"]
[Result "1/2-1/2"]
[WhiteElo "2450"]
[BlackElo "2525"]
[PlyCount "188"]

1. d4 Nf6 2. c4 e6 3. Nf3 d5 4. Nc3 Be7 5. Bg5 O-O 6. e3 h6 7. Bh4 b6 8. Be2
dxc4 9. Bxc4 Bb7 10. O-O Nbd7 11. Qe2 Ne4 12. Bg3 Nxg3 13. hxg3 c5 14. Rfd1
Bxf3 15. gxf3 cxd4 16. exd4 Nf6 17. a3 Rc8 18. f4 Qc7 19. Ba6 Rcd8 20. Rac1 Qd7
21. Qf3 g6 22. Bb5 Qd6 23. Qb7 h5 24. Qxa7 h4 25. Qb7 hxg3 26. fxg3 Kg7 27. Bf1
Rd7 28. Qf3 Rh8 29. Rc2 Rh5 30. Rh2 Rxh2 31. Kxh2 Rd8 32. Kg2 Rh8 33. Bc4 Qd7
34. Bb5 Qc8 35. Rh1 Rd8 36. Rd1 Nd5 37. Be2 Bf6 38. Qd3 Nxc3 39. Qxc3 Qd7 40.
Bf3 Bxd4 41. Qc4 g5 42. fxg5 e5 43. Qc6 Qxc6 44. Bxc6 Kg6 45. Be4+ Kxg5 46. Rf1
Bxb2 47. Rxf7 Bxa3 48. Rg7+ Kf6 49. Rg6+ Ke7 50. Rxb6 Rd2+ 51. Kf3 Bc5 52. Rh6
Rf2+ 53. Kg4 Be3 54. Rc6 Rf6 55. Rc7+ Kf8 56. Bd5 Bd2 57. Rh7 Be1 58. Rh5 Rg6+
59. Kf5 Rxg3 60. Kf6 Ke8 61. Rxe5+ Kd7 62. Rxe1 Kd6 63. Rd1 Re3 64. Be4+ Kc5
65. Ke5 Rh3 66. Rc1+ Kb4 67. Kd4 Rh4 68. Rb1+ Ka5 69. Rb8 Ka4 70. Kd3 Ka5 71.
Bd5 Rb4 72. Ra8+ Kb6 73. Bc4 Kc5 74. Rc8+ Kd6 75. Kd4 Rb1 76. Rh8 Rd1+ 77. Bd3
Ke7 78. Rh6 Kd7 79. Ra6 Ke7 80. Ke4 Re1+ 81. Kf5 Rc1 82. Ke5 Rc5+ 83. Kd4 Rc1
84. Be4 Kd7 85. Ke5 Rc5+ 86. Bd5 Rc1 87. Ra7+ Rc7 88. Ra8 Ke7 89. Rh8 Kd7 90.
Rh6 Kd8 91. Bc6 Re7+ 92. Kd6 Rd7+ 93. Kc5 Rg7 94. Kd6 Rd7+ 1/2-1/2

[Event "Wijk aan Zee II"]
[Site "Wijk aan Zee II"]
[Date "1996.??.??"]
[Round "1"]
[White "Kuijf, Marinus"]
[Black "Delemarre, Jop"]
[Result "0-1"]
[WhiteElo "2470"]
[BlackElo "2325"]
[PlyCount "96"]

1. e4 c6 2. d4 d5 3. exd5 cxd5 4. c4 Nf6 5. Nc3 Nc6 6. Bg5 e6 7. Nf3 Be7 8. c5
Ne4 9. Bxe7 Qxe7 10. Qd3 Nb4 11. Qb1 Nxc3 12. bxc3 Nc6 13. Bb5 Bd7 14. O-O Rb8
15. c4 dxc4 16. d5 O-O 17. Bxc6 bxc6 18. d6 Rxb1 19. dxe7 Rxf1+ 20. Kxf1 Re8
21. Ne5 Rxe7 22. Rb1 c3 23. Rb8+ Re8 24. Rb3 f6 25. Nc4 c2 26. Rc3 Bc8 27. Ke1
Ba6 28. Nd6 c1=Q+ 29. Rxc1 Rb8 30. Rc2 Rb4 31. Kd2 h5 32. Kc3 Rh4 33. h3 Bf1
34. f3 Ra4 35. Rf2 Bb5 36. Kb3 a6 37. Rd2 e5 38. Nxb5 axb5 39. Rd8+ Kf7 40. Rc8
Ra6 41. Rc7+ Ke6 42. Rxg7 Ra4 43. g3 h4 44. Rc7 Kd5 45. Rf7 Ke6 46. Rc7 Kd5 47.
Rf7 hxg3 48. Rxf6 Rf4 0-1

[Event "Wijk aan Zee II"]
[Site "Wijk aan Zee II"]
[Date "1996.??.??"]
[Round "1"]
[White "Van de Mortel, Jan"]
[Black "Bologan, Viktor"]
[Result "0-1"]
[WhiteElo "2315"]
[BlackElo "2590"]
[PlyCount "84"]

1. d4 Nf6 2. Nf3 g6 3. c4 Bg7 4. Nc3 O-O 5. e4 d6 6. Be2 e5 7. O-O Nbd7 8. Qc2
c6 9. Rd1 exd4 10. Nxd4 Re8 11. f3 Nh5 12. g4 Nhf6 13. Bg5 Qa5 14. Be3 h5 15.
g5 Nh7 16. Nb3 Qd8 17. Qd2 a5 18. a4 Bf8 19. f4 b6 20. Bf2 Qc7 21. Rac1 Nc5 22.
Nxc5 bxc5 23. Bf1 Rb8 24. Rb1 Rb3 25. Qc2 Qb8 26. h4 Bg4 27. Re1 Bg7 28. Bg2
Nf8 29. e5 Bf5 30. Be4 dxe5 31. Bxf5 gxf5 32. Qxf5 exf4 33. Ne4 Ng6 34. Nxc5
Rbe3 35. Red1 Re2 36. Nd7 Qb3 37. Rd3 Qc2 38. Rf1 Nxh4 39. Qxf4 Qxd3 40. Nf6+
Bxf6 41. gxf6 Qg6+ 42. Kh1 Qg2# 0-1

[Event "Wijk aan Zee II"]
[Site "Wijk aan Zee II"]
[Date "1996.??.??"]
[Round "1"]
[White "Van der Wiel, John"]
[Black "Stripunski, Alexander"]
[Result "1/2-1/2"]
[WhiteElo "2535"]
[BlackElo "2495"]
[PlyCount "86"]

1. e4 c5 2. Nf3 Nc6 3. d4 cxd4 4. Nxd4 e5 5. Nb5 a6 6. Nd6+ Bxd6 7. Qxd6 Qe7 8.
Qd1 d6 9. Nc3 Be6 10. Nd5 Bxd5 11. exd5 Nb8 12. Qg4 Nf6 13. Qxg7 Rg8 14. Qh6
Nbd7 15. Bg5 Rg6 16. Qh4 O-O-O 17. O-O-O Rdg8 18. Bxf6 Nxf6 19. g3 Kb8 20. Be2
Rc8 21. Kb1 Rc5 22. c4 Qf8 23. f3 Qg7 24. Qh3 Rg5 25. Rhe1 Rc7 26. Bd3 Rh5 27.
Qg2 Nd7 28. g4 Nc5 29. Bc2 Rh6 30. f4 exf4 31. Re8+ Ka7 32. b4 Nd7 33. Qf2+ Nb6
34. c5 dxc5 35. bxc5 Qc3 36. cxb6+ Rxb6+ 37. Bb3 Rc5 38. Qb2 Qf3 39. d6 Rxb3
40. Qxb3 Rb5 41. Ree1 Rxb3+ 42. axb3 Qxb3+ 43. Kc1 Qc3+ 1/2-1/2

[Event "Wijk aan Zee II"]
[Site "Wijk aan Zee II"]
[Date "1996.??.??"]
[Round "2"]
[White "Delemarre, Jop"]
[Black "Bologan, Viktor"]
[Result "1/2-1/2"]
[WhiteElo "2325"]
[BlackElo "2590"]
[PlyCount "131"]

1. d4 d6 2. c4 e5 3. Nf3 e4 4. Ng5 f5 5. Nh3 Be7 6. Nc3 c6 7. g3 Nf6 8. Bg2
Nbd7 9. f3 Nb6 10. b3 d5 11. c5 Nbd7 12. b4 Nf8 13. O-O h6 14. Nf2 Ne6 15. g4
exf3 16. exf3 O-O 17. Rb1 fxg4 18. fxg4 Nh7 19. Ne2 Nc7 20. Nf4 Bf6 21. Be3 a5
22. Qd2 axb4 23. Rxb4 Ra3 24. N2d3 Re8 25. Bf2 Bg5 26. Qb2 Ra7 27. h3 Nf6 28.
Ng6 Ne4 29. Nde5 Ne6 30. h4 Bf6 31. Nf3 N6xc5 32. Nfe5 Ne6 33. Bxe4 dxe4 34. d5
c5 35. dxe6 Bxe6 36. Rxb7 Rxa2 37. Qb6 e3 38. Bxe3 Bd5 39. Rxf6 Bxb7 40. Rf8+
Rxf8 41. Qe6+ Kh7 42. Nxf8+ Qxf8 43. Qxa2 Be4 44. Qc4 Qa8 45. Kf2 Bd5 46. Qc2+
Be4 47. Qc4 Bd5 48. Qc2+ Be4 49. Qxc5 Qa2+ 50. Kg3 Qg2+ 51. Kf4 Bb7 52. Kf5 Bd5
53. Qd4 Bb3 54. Nd7 Qf3+ 55. Ke5 Qg3+ 56. Qf4 Qxh4 57. Qe4+ Kh8 58. Kd6 Qh2+
59. Ke7 Qh4+ 60. Kd6 Qh2+ 61. Ne5 Bc2 62. Qc4 Kh7 63. Bf4 Qg2 64. Ke7 Qe4 65.
Qc3 Ba4 66. Qd3 1/2-1/2

[Event "Wijk aan Zee II"]
[Site "Wijk aan Zee II"]
[Date "1996.??.??"]
[Round "2"]
[White "Garcia, Gildardo"]
[Black "Van de Mortel, Jan"]
[Result "0-1"]
[WhiteElo "2525"]
[BlackElo "2315"]
[PlyCount "74"]

1. e4 c5 2. Nf3 d6 3. d4 cxd4 4. Nxd4 Nf6 5. Nc3 g6 6. Bc4 Bg7 7. O-O O-O 8. h3
Nc6 9. Be3 Nxe4 10. Bxf7+ Kxf7 11. Nxe4 Nxd4 12. Bxd4 e5 13. Be3 d5 14. Bg5 Qd7
15. Nc3 h6 16. Bh4 d4 17. Ne4 Kg8 18. Re1 b6 19. Qd3 Bb7 20. c4 Rac8 21. Bg3
Qc6 22. b3 g5 23. f3 Rce8 24. Re2 Qg6 25. Rd1 h5 26. Nf2 e4 27. fxe4 h4 28. Bh2
Rxf2 29. Rxf2 Bxe4 30. Qd2 d3 31. Re1 Bd4 32. Kf1 Bxf2 33. Kxf2 g4 34. hxg4
Qxg4 35. Rxe4 Qxe4 36. Qg5+ Kf7 37. Bf4 Qe1+ 0-1

[Event "Wijk aan Zee II"]
[Site "Wijk aan Zee II"]
[Date "1996.??.??"]
[Round "2"]
[White "Miles, Anthony J"]
[Black "Gretarsson, Helgi&Ass"]
[Result "1/2-1/2"]
[WhiteElo "2635"]
[BlackElo "2450"]
[PlyCount "135"]

1. d4 d5 2. Bg5 c6 3. e3 Qb6 4. Qc1 Bf5 5. Nf3 h6 6. Bf4 Nf6 7. c4 Nbd7 8. Nc3
e6 9. c5 Qd8 10. b4 g5 11. Bg3 Nh5 12. Be5 f6 13. Bg3 Nxg3 14. hxg3 Bg7 15. Nd2
e5 16. Be2 O-O 17. Nb3 Bg6 18. g4 f5 19. gxf5 Bxf5 20. Qd1 a5 21. bxa5 Rxa5 22.
Nxa5 Qxa5 23. Rc1 exd4 24. exd4 Nxc5 25. O-O Ne6 26. Bg4 Nxd4 27. Bxf5 Nxf5 28.
Ne2 Qxa2 29. Qd3 Qa7 30. Rb1 Nd6 31. Ng3 Qd4 32. Qe2 Re8 33. Qh5 Re6 34. Rbe1
Qf6 35. Qg4 Re7 36. Qb4 Rd7 37. Re2 Qd4 38. Qb1 Ne4 39. Nxe4 dxe4 40. Rxe4 Qd3
41. Qa2+ Qd5 42. Re8+ Kh7 43. Qe2 Bf6 44. Re1 b5 45. Rc8 b4 46. Qe8 Qf7 47.
Qe4+ Kg7 48. Qxb4 Bd4 49. Qd2 c5 50. Qc2 Ra7 51. Rf1 Ra2 52. Qd1 Rxf2 53. Qxd4+
cxd4 54. Rxf2 Qd5 55. Rc1 g4 56. Rd1 d3 57. g3 Qd4 58. Kg2 h5 59. Rfd2 Qe4+ 60.
Kh2 h4 61. Rxd3 Qe2+ 62. Kg1 hxg3 63. Rd7+ Kf6 64. R7d6+ Ke7 65. Rd7+ Kf6 66.
R1d6+ Kf5 67. Rd5+ Kf6 68. R7d6+ 1/2-1/2

[Event "Wijk aan Zee II"]
[Site "Wijk aan Zee II"]
[Date "1996.??.??"]
[Round "2"]
[White "Nijboer, Friso"]
[Black "Van der Wiel, John"]
[Result "1/2-1/2"]
[WhiteElo "2475"]
[BlackElo "2535"]
[PlyCount "70"]

1. e4 c5 2. Nf3 d6 3. d4 cxd4 4. Nxd4 Nf6 5. Nc3 Nc6 6. Bc4 Qb6 7. Nb3 e6 8.
Bf4 Ne5 9. Be2 a6 10. Be3 Qc7 11. f4 Nc4 12. Bxc4 Qxc4 13. Qf3 Qc7 14. f5 Rb8
15. Ba7 Ra8 16. Bd4 e5 17. Be3 b5 18. a3 Bb7 19. Bg5 Nd7 20. O-O h6 21. Bh4 Be7
22. Bxe7 Kxe7 23. Rf2 Nf6 24. Nd2 Qb6 25. Nf1 Rac8 26. Re1 Rxc3 27. Qxc3 Ng4
28. Qf3 Nxf2 29. Qxf2 Qxf2+ 30. Kxf2 Rd8 31. c3 h5 32. h4 d5 33. Rd1 g6 34.
fxg6 fxg6 35. Ke3 Ke6 1/2-1/2

[Event "Wijk aan Zee II"]
[Site "Wijk aan Zee II"]
[Date "1996.??.??"]
[Round "2"]
[White "Stripunski, Alexander"]
[Black "Antunes, Antonio"]
[Result "1-0"]
[WhiteElo "2495"]
[BlackElo "2545"]
[PlyCount "117"]

1. e4 c5 2. Nf3 Nc6 3. Bb5 g6 4. O-O Bg7 5. c3 Nf6 6. Re1 O-O 7. h3 e5 8. d3 d6
9. Nbd2 h6 10. Nf1 Qc7 11. Ba4 Rb8 12. Be3 Kh7 13. Bc2 b6 14. d4 Bd7 15. d5 Ne7
16. g4 Nfg8 17. Ng3 Kh8 18. Nh2 b5 19. Kh1 a5 20. Rg1 a4 21. Rg2 f6 22. Nf5 Rf7
23. Nxg7 Kxg7 24. Nf1 g5 25. Ng3 Ng6 26. Nf5+ Kf8 27. b4 axb3 28. axb3 N8e7 29.
Ra6 Nxf5 30. gxf5 Nh4 31. Rg1 Be8 32. Bd3 Rd7 33. Be2 Bf7 34. b4 c4 35. Qd2 Qc8
36. Rga1 Qe8 37. Qd1 Kg7 38. R1a5 Qg8 39. Ra7 Rbb7 40. Ra8 Rb8 41. R8a6 Kh8 42.
Kh2 Kg7 43. Rc6 Qd8 44. Raa6 Qe7 45. Qa1 h5 46. Qa5 g4 47. Rcb6 Nf3+ 48. Bxf3
Rxb6 49. Qxb6 gxf3 50. Qxb5 Kh7 51. Ra1 Be8 52. Qxc4 Qf8 53. Rg1 Rg7 54. Qf1
Ba4 55. Rxg7+ Qxg7 56. Qh1 Bd1 57. c4 Be2 58. c5 Qb7 59. Qg1 1-0

[Event "Wijk aan Zee II"]
[Site "Wijk aan Zee II"]
[Date "1996.??.??"]
[Round "3"]
[White "Antunes, Antonio"]
[Black "Nijboer, Friso"]
[Result "1-0"]
[WhiteElo "2545"]
[BlackElo "2475"]
[PlyCount "53"]

1. Nf3 Nf6 2. c4 c5 3. g3 d5 4. cxd5 Nxd5 5. Bg2 Nc6 6. d4 Nb6 7. dxc5 Qxd1+ 8.
Kxd1 Na4 9. Nc3 Nxc5 10. Be3 e5 11. Kd2 Be6 12. Rhc1 Be7 13. Ke1 O-O 14. Ng5
Bxg5 15. Bxg5 Nd7 16. Nb5 Rab8 17. b3 a5 18. Nd6 f6 19. Bd2 a4 20. bxa4 Ne7 21.
Rc7 b6 22. Bb4 Rfd8 23. Rd1 Nf5 24. Nxf5 Bxf5 25. Be7 Rdc8 26. Rdxd7 Bxd7 27.
Bd5+ 1-0

[Event "Wijk aan Zee II"]
[Site "Wijk aan Zee II"]
[Date "1996.??.??"]
[Round "3"]
[White "Bologan, Viktor"]
[Black "Garcia, Gildardo"]
[Result "1-0"]
[WhiteElo "2590"]
[BlackElo "2525"]
[PlyCount "89"]

1. e4 e5 2. Nf3 Nc6 3. Bc4 Nf6 4. d3 Be7 5. O-O O-O 6. Bb3 d5 7. exd5 Nxd5 8.
h3 Kh8 9. Re1 f6 10. c3 Nb6 11. d4 exd4 12. cxd4 Nb4 13. Nc3 c6 14. Qe2 Bd6 15.
Nh4 Bd7 16. Ne4 Be7 17. Bd2 N4d5 18. Nc5 f5 19. Nf3 Qc7 20. Ne5 Bc8 21. Qh5 Kg8
22. Ned7 Bxc5 23. Nxc5 a5 24. a4 Qf7 25. Qh4 Kh8 26. Re5 f4 27. Rae1 Qg6 28.
Rg5 Qf6 29. Ree5 h6 30. Qh5 Bd7 31. Rg6 Qf7 32. Bc2 Nf6 33. Qh4 Nbd5 34. Bxf4
Nxf4 35. Qxf4 b6 36. Nb7 Bf5 37. Qxf5 Qxb7 38. Re6 Nh7 39. Qd3 Rf7 40. Rxc6 Nf8
41. Rxb6 Qe7 42. Rge6 Qh4 43. Re2 Rd8 44. d5 Qg5 45. Qe3 1-0

[Event "Wijk aan Zee II"]
[Site "Wijk aan Zee II"]
[Date "1996.??.??"]
[Round "3"]
[White "Gretarsson, Helgi&Ass"]
[Black "Stripunski, Alexander"]
[Result "0-1"]
[WhiteElo "2450"]
[BlackElo "2495"]
[PlyCount "62"]

1. d4 d5 2. c4 c6 3. Nc3 Nf6 4. Nf3 e6 5. cxd5 exd5 6. Bg5 Bf5 7. Qb3 Qb6 8.
Bxf6 gxf6 9. e3 Nd7 10. Kd2 Qa5 11. Nh4 Bg6 12. Bd3 b5 13. a4 Bxd3 14. Kxd3 b4
15. Ne2 Rd8 16. Kc2 Rg8 17. Nf4 Rg5 18. Nf3 c5 19. e4 cxd4 20. Nxg5 Qc7+ 21.
Kb1 Qxf4 22. Nf3 dxe4 23. Nxd4 Ne5 24. Nb5 Nd3 25. Ka2 a6 26. g3 Qe5 27. Na7
Qc7 28. f3 f5 29. fxe4 fxe4 30. Raf1 Qxa7 31. Qc4 b3+ 0-1

[Event "Wijk aan Zee II"]
[Site "Wijk aan Zee II"]
[Date "1996.??.??"]
[Round "3"]
[White "Van de Mortel, Jan"]
[Black "Miles, Anthony J"]
[Result "1/2-1/2"]
[WhiteElo "2315"]
[BlackElo "2635"]
[PlyCount "48"]

1. d4 Nf6 2. Nf3 c5 3. d5 b5 4. Bg5 Bb7 5. Bxf6 exf6 6. a4 a6 7. e3 Qb6 8. Be2
Be7 9. O-O O-O 10. Nc3 b4 11. Ne4 d6 12. a5 Qc7 13. Qd3 Nd7 14. Ned2 g6 15. e4
f5 16. exf5 Nf6 17. fxg6 hxg6 18. Ng5 Bxd5 19. f4 Qa7 20. Kh1 Qb7 21. Qg3 Kg7
22. f5 Rh8 23. fxg6 fxg6 24. Bf3 Nh5 1/2-1/2

[Event "Wijk aan Zee II"]
[Site "Wijk aan Zee II"]
[Date "1996.??.??"]
[Round "4"]
[White "Delemarre, Jop"]
[Black "Garcia, Gildardo"]
[Result "1/2-1/2"]
[WhiteElo "2325"]
[BlackElo "2525"]
[PlyCount "85"]

1. d4 Nf6 2. c4 e6 3. Nf3 Bb4+ 4. Bd2 Qe7 5. g3 O-O 6. Nc3 Bxc3 7. Bxc3 Ne4 8.
Qc2 Nxc3 9. Qxc3 d6 10. Bg2 Nd7 11. O-O e5 12. dxe5 dxe5 13. Rac1 e4 14. Nd2
Nf6 15. b4 Re8 16. Nb3 h5 17. h3 e3 18. f3 Bf5 19. Rfd1 Rad8 20. a3 c6 21. Rd4
Qc7 22. Rxd8 Rxd8 23. g4 hxg4 24. hxg4 Bxg4 25. Qxe3 Re8 26. Qd4 Rxe2 27. Qd3
Rxg2+ 28. Kxg2 Nh5 29. Kf1 Bf5 30. Qe3 Qh2 31. Nd4 Bd3+ 32. Ke1 Nf4 33. Kd1 g5
34. Rc3 Bg6 35. Ne2 Nh3 36. Qd2 g4 37. Qd8+ Kh7 38. fxg4 Nf2+ 39. Ke1 Nxg4 40.
Qd4 Ne5 41. Re3 Qh1+ 42. Kf2 Qh2+ 43. Ke1 1/2-1/2

[Event "Wijk aan Zee II"]
[Site "Wijk aan Zee II"]
[Date "1996.??.??"]
[Round "4"]
[White "Kuijf, Marinus"]
[Black "Antunes, Antonio"]
[Result "0-1"]
[WhiteElo "2470"]
[BlackElo "2545"]
[PlyCount "78"]

1. e4 c5 2. c3 Nf6 3. e5 Nd5 4. g3 Nc6 5. Bg2 Qc7 6. f4 e6 7. Nf3 d6 8. exd6
Bxd6 9. Na3 a6 10. Nc4 b5 11. Nxd6+ Qxd6 12. a4 Bb7 13. Qe2 O-O 14. O-O h6 15.
d3 Rfd8 16. Nd2 Nf6 17. Ne4 Nxe4 18. dxe4 Qd3 19. Qxd3 Rxd3 20. axb5 axb5 21.
Rxa8+ Bxa8 22. Kf2 Na5 23. Ke2 c4 24. Be3 Nb3 25. f5 exf5 26. Rxf5 Bc6 27. Bf3
Rd8 28. e5 Bd7 29. Rf4 Re8 30. Bd5 Rxe5 31. Bxf7+ Kh7 32. h4 Nc1+ 33. Kd2 Nb3+
34. Ke2 g5 35. hxg5 hxg5 36. Rf1 Bg4+ 37. Kf2 Kg7 38. Bd4 Nxd4 39. cxd4 Rf5+
0-1

[Event "Wijk aan Zee II"]
[Site "Wijk aan Zee II"]
[Date "1996.??.??"]
[Round "4"]
[White "Stripunski, Alexander"]
[Black "Van de Mortel, Jan"]
[Result "1/2-1/2"]
[WhiteElo "2495"]
[BlackElo "2315"]
[PlyCount "67"]

1. e4 c5 2. Nf3 d6 3. d4 cxd4 4. Nxd4 Nf6 5. Nc3 g6 6. Be3 Bg7 7. f3 O-O 8. Qd2
Nc6 9. g4 Be6 10. O-O-O Nxd4 11. Bxd4 Qa5 12. a3 Rab8 13. h4 b5 14. Nd5 Qxd2+
15. Rxd2 Bxd5 16. exd5 Rb7 17. Bh3 Nd7 18. Bxg7 Kxg7 19. g5 Nb6 20. Bf1 a6 21.
Rd4 Rc7 22. Rh2 Rc5 23. Rhd2 h6 24. f4 hxg5 25. hxg5 Rh8 26. Bg2 Rh2 27. b3 Rc3
28. Be4 Rh4 29. Bd3 Rc5 30. Be2 Rc3 31. Bd3 Rc5 32. Be2 Rc3 33. R2d3 Rc5 34.
Rd2 1/2-1/2

[Event "Wijk aan Zee II"]
[Site "Wijk aan Zee II"]
[Date "1996.??.??"]
[Round "5"]
[White "Bologan, Viktor"]
[Black "Stripunski, Alexander"]
[Result "1-0"]
[WhiteElo "2590"]
[BlackElo "2495"]
[PlyCount "71"]

1. e4 c5 2. Nf3 Nc6 3. d4 cxd4 4. Nxd4 e5 5. Nb5 d6 6. N1c3 a6 7. Na3 b5 8. Nd5
Nge7 9. c4 Nxd5 10. cxd5 Ne7 11. h4 Bd7 12. Nc2 h5 13. g3 g6 14. Bg2 Bg7 15.
O-O O-O 16. Nb4 Qe8 17. f3 Kh7 18. Be3 f5 19. Qd2 a5 20. Nd3 Ng8 21. Nf2 Bh6
22. Rac1 f4 23. gxf4 Rxf4 24. Rc7 Rf7 25. Rfc1 Qf8 26. Bh3 Rd8 27. Be6 Bxe3 28.
Qxe3 Rxf3 29. Qa7 Qf4 30. Bxd7 Kh6 31. Bh3 Nf6 32. Bg2 Rg3 33. R1c3 Qxh4 34.
Rf7 Rxc3 35. bxc3 Rc8 36. Qe3+ 1-0

[Event "Wijk aan Zee II"]
[Site "Wijk aan Zee II"]
[Date "1996.??.??"]
[Round "5"]
[White "Gretarsson, Helgi&Ass"]
[Black "Kuijf, Marinus"]
[Result "1-0"]
[WhiteElo "2450"]
[BlackElo "2470"]
[PlyCount "79"]

1. c4 e6 2. Nf3 d5 3. g3 dxc4 4. Qa4+ Nd7 5. Bg2 a6 6. Qxc4 b5 7. Qc6 Rb8 8.
O-O Bb7 9. Qc2 Ngf6 10. a4 c5 11. d3 Be7 12. Bf4 Rc8 13. axb5 axb5 14. Qb3 Qb6
15. Na3 Bc6 16. Ne5 Bxg2 17. Kxg2 g5 18. Nxd7 Nxd7 19. Be3 Rb8 20. f4 Qc6+ 21.
Kg1 g4 22. f5 e5 23. Nb1 h5 24. Nc3 Nf6 25. Ra7 h4 26. gxh4 c4 27. dxc4 Bc5 28.
Nxb5 Bxa7 29. Bxa7 Rd8 30. Qc3 Rxh4 31. Qxe5+ Kf8 32. Bc5+ Kg8 33. Nd4 Qa6 34.
Be7 g3 35. Bxf6 gxh2+ 36. Kh1 Rhxd4 37. Qg3+ Kf8 38. Qg7+ Ke8 39. Qg8+ Kd7 40.
Qxd8+ 1-0

[Event "Wijk aan Zee II"]
[Site "Wijk aan Zee II"]
[Date "1996.??.??"]
[Round "5"]
[White "Van de Mortel, Jan"]
[Black "Nijboer, Friso"]
[Result "1/2-1/2"]
[WhiteElo "2315"]
[BlackElo "2475"]
[PlyCount "70"]

1. d4 Nf6 2. Nf3 g6 3. c4 Bg7 4. Nc3 O-O 5. e4 d6 6. Be2 e5 7. O-O Na6 8. Rb1
c6 9. b4 exd4 10. Nxd4 Re8 11. f3 Nc7 12. Bg5 h6 13. Bh4 Nxe4 14. Bxd8 Nxc3 15.
Qd2 Bxd4+ 16. Kh1 c5 17. bxc5 dxc5 18. Bxc7 Rxe2 19. Qxh6 Nxb1 20. Rxb1 Bf5 21.
Rd1 Rae8 22. h4 Rxa2 23. Bf4 a5 24. Qg5 Bg7 25. Rd8 Rae2 26. Bc1 Re1+ 27. Kh2
Be5+ 28. f4 Bg7 29. Bd2 f6 30. Qg3 Rxd8 31. Qxe1 a4 32. Bc3 Kf7 33. Bb2 b6 34.
Qe2 Bd3 35. Qd1 Kg8 1/2-1/2

[Event "Wijk aan Zee II"]
[Site "Wijk aan Zee II"]
[Date "1996.??.??"]
[Round "5"]
[White "Van der Wiel, John"]
[Black "Delemarre, Jop"]
[Result "1-0"]
[WhiteElo "2535"]
[BlackElo "2325"]
[PlyCount "81"]

1. e4 c6 2. Nc3 d5 3. Nf3 Bg4 4. h3 Bxf3 5. Qxf3 e6 6. g3 Nf6 7. Bg2 Nbd7 8. d4
dxe4 9. Nxe4 Nxe4 10. Qxe4 Nf6 11. Qd3 Bd6 12. Qb3 Qe7 13. O-O O-O 14. c4 Rad8
15. Be3 Bb8 16. Rad1 Rd7 17. Rd3 Rfd8 18. Rfd1 h6 19. Bf3 Kh8 20. Kg2 Kg8 21.
a3 Kh8 22. Qc3 Kg8 23. b4 a6 24. Qb3 Rc8 25. a4 Rcd8 26. R3d2 Bd6 27. b5 cxb5
28. axb5 Bb4 29. Rd3 axb5 30. c5 e5 31. dxe5 Rxd3 32. exf6 Qxe3 33. fxe3 Rxb3
34. Rxd8+ Kh7 35. Be4+ g6 36. Rf8 Bxc5 37. Rxf7+ Kh8 38. Bxg6 Rxe3 39. h4 Re6
40. h5 b6 41. Rh7+ 1-0

[Event "Wijk aan Zee II"]
[Site "Wijk aan Zee II"]
[Date "1996.??.??"]
[Round "6"]
[White "Delemarre, Jop"]
[Black "Miles, Anthony J"]
[Result "1/2-1/2"]
[WhiteElo "2325"]
[BlackElo "2635"]
[PlyCount "38"]

1. d4 d5 2. c4 c6 3. Nc3 Nf6 4. Nf3 a6 5. cxd5 cxd5 6. Bf4 Nc6 7. Rc1 Nh5 8.
Be5 e6 9. e3 f6 10. Nh4 g6 11. Bg3 f5 12. Be2 Nxg3 13. hxg3 Qf6 14. f4 Bd6 15.
Nf3 Qd8 16. Kf2 Bd7 17. Na4 Rc8 18. a3 Kf7 19. b4 Kg7 1/2-1/2

[Event "Wijk aan Zee II"]
[Site "Wijk aan Zee II"]
[Date "1996.??.??"]
[Round "6"]
[White "Kuijf, Marinus"]
[Black "Van de Mortel, Jan"]
[Result "1-0"]
[WhiteElo "2470"]
[BlackElo "2315"]
[PlyCount "81"]

1. e4 c5 2. c3 d6 3. d4 Nf6 4. Bd3 g6 5. dxc5 dxc5 6. e5 c4 7. Qa4+ Bd7 8. Qxc4
Ng4 9. Nf3 Bg7 10. h3 Nxe5 11. Nxe5 Bxe5 12. Bh6 Nc6 13. Be4 Qb6 14. Qe2 O-O-O
15. Be3 Qc7 16. Na3 Bf5 17. Bxf5+ gxf5 18. Nb5 Qa5 19. O-O f4 20. Nxa7+ Nxa7
21. Bxa7 Bc7 22. Bd4 e5 23. b4 Qd5 24. Bc5 e4 25. f3 f5 26. Rad1 Qc6 27. Rxd8+
Rxd8 28. Bd4 b5 29. a4 bxa4 30. b5 Qe6 31. Ra1 Bb6 32. Rxa4 Bxd4+ 33. cxd4 Kb7
34. fxe4 Qxe4 35. Qxe4+ fxe4 36. d5 Rxd5 37. Rxe4 Rxb5 38. Rxf4 h5 39. Rc4 Rf5
40. Kh2 Rg5 41. g4 1-0

[Event "Wijk aan Zee II"]
[Site "Wijk aan Zee II"]
[Date "1996.??.??"]
[Round "6"]
[White "Stripunski, Alexander"]
[Black "Garcia, Gildardo"]
[Result "1/2-1/2"]
[WhiteElo "2495"]
[BlackElo "2525"]
[PlyCount "76"]

1. e4 e5 2. Nc3 Nf6 3. g3 Bc5 4. Bg2 Nc6 5. d3 d6 6. Nf3 Nd4 7. Na4 Nxf3+ 8.
Bxf3 h6 9. Nxc5 dxc5 10. Be3 Qd6 11. Be2 c4 12. O-O Bh3 13. Re1 O-O-O 14. f3
Be6 15. Qd2 Kb8 16. Qc3 cxd3 17. cxd3 b6 18. b4 h5 19. a4 h4 20. g4 h3 21. a5
Rd7 22. Bf2 Nh7 23. axb6 cxb6 24. d4 Rc8 25. Qb2 f6 26. d5 Bf7 27. Bb5 Ng5 28.
Re3 Rdc7 29. Bc6 Rxc6 30. dxc6 Qxc6 31. b5 Qd7 32. Rea3 Bc4 33. Rxa7 Qxa7 34.
Rxa7 Nxf3+ 35. Kh1 Bf1 36. Ra8+ Kb7 37. Ra7+ Kb8 38. Ra8+ Kb7 1/2-1/2

[Event "Wijk aan Zee II"]
[Site "Wijk aan Zee II"]
[Date "1996.??.??"]
[Round "6"]
[White "Van der Wiel, John"]
[Black "Antunes, Antonio"]
[Result "1/2-1/2"]
[WhiteElo "2535"]
[BlackElo "2545"]
[PlyCount "68"]

1. e4 c5 2. Nf3 Nc6 3. Bb5 g6 4. O-O Bg7 5. Re1 e5 6. Bxc6 dxc6 7. d3 Bg4 8.
Be3 Qe7 9. Nbd2 Nf6 10. a4 a5 11. h3 Bxf3 12. Qxf3 Nd7 13. Nc4 O-O 14. Qg3 Qe6
15. Bd2 b6 16. Bc3 Ra7 17. f4 exf4 18. Qxf4 Bxc3 19. bxc3 b5 20. axb5 cxb5 21.
Rxa5 Rxa5 22. Nxa5 c4 23. Qc7 cxd3 24. cxd3 Ne5 25. d4 Nd3 26. Re3 Qa2 27. Kh2
Qd2 28. Qg3 Qxc3 29. Nb7 Qc6 30. Nd6 Nb2 31. d5 Qd7 32. e5 Nc4 33. Nxc4 bxc4
34. d6 Rc8 1/2-1/2

[Event "Wijk aan Zee II"]
[Site "Wijk aan Zee II"]
[Date "1996.??.??"]
[Round "7"]
[White "Antunes, Antonio"]
[Black "Delemarre, Jop"]
[Result "1-0"]
[WhiteElo "2545"]
[BlackElo "2325"]
[PlyCount "61"]

1. Nf3 d5 2. d4 Nf6 3. c4 c6 4. Qb3 e6 5. g3 dxc4 6. Qxc4 b5 7. Qc2 Bb7 8. Bg2
a6 9. Nbd2 Nbd7 10. Nb3 Rc8 11. Nc5 Nxc5 12. dxc5 Qa5+ 13. Bd2 b4 14. Rc1 Nd7
15. Be3 Be7 16. O-O Qxa2 17. Bd4 Bf6 18. Bxf6 Nxf6 19. Rfd1 Qa5 20. Ra1 Qc7 21.
Qa4 O-O 22. Qxb4 Rb8 23. Qa5 Qxa5 24. Rxa5 Bc8 25. Ra2 Nd7 26. Nd4 Nxc5 27.
Nxc6 Rb5 28. b4 Nb7 29. Rxa6 g6 30. Ra8 Kg7 31. Na7 1-0

[Event "Wijk aan Zee II"]
[Site "Wijk aan Zee II"]
[Date "1996.??.??"]
[Round "7"]
[White "Bologan, Viktor"]
[Black "Kuijf, Marinus"]
[Result "1/2-1/2"]
[WhiteElo "2590"]
[BlackElo "2470"]
[PlyCount "127"]

1. e4 e6 2. d3 d5 3. Nd2 c5 4. g3 Bd6 5. f4 Ne7 6. Ngf3 Nbc6 7. Bg2 b5 8. O-O
O-O 9. Kh1 c4 10. d4 b4 11. e5 Bc7 12. a3 Nf5 13. Re1 bxa3 14. Rxa3 Ncxd4 15.
Nxd4 Nxd4 16. Nxc4 Nb5 17. Rd3 Bb7 18. Ne3 Qc8 19. Qh5 d4 20. Ng4 Bxg2+ 21.
Kxg2 Bd8 22. Re2 Qc6+ 23. Kg1 f5 24. exf6 Bxf6 25. Bd2 a5 26. Be1 Kh8 27. Bf2
Rad8 28. Ne5 Qe8 29. Qxe8 Rdxe8 30. Rb3 Nc7 31. Rb7 Nd5 32. Bxd4 Rb8 33. Rxb8
Rxb8 34. c4 Ne7 35. Bc3 Ra8 36. Rd2 Kg8 37. Rd6 Nf5 38. Rxe6 Ne3 39. c5 a4 40.
Bd4 Nf5 41. Bf2 h5 42. Kg2 a3 43. bxa3 Rxa3 44. Re8+ Kh7 45. Kf1 Rc3 46. Ke2
Rc2+ 47. Kf3 Be7 48. Rc8 Bf6 49. Rc7 Bd8 50. Rd7 Bf6 51. Ke4 Ne7 52. Bd4 Rc1
53. Be3 Rc3 54. h3 Ra3 55. g4 hxg4 56. hxg4 Ra4+ 57. Bd4 Kg8 58. Kd3 g5 59.
fxg5 Bxe5 60. Bxe5 Nc6 61. Bc3 Rxg4 62. Rc7 Rg3+ 63. Kc4 Rg4+ 64. Kb5 1/2-1/2

[Event "Wijk aan Zee II"]
[Site "Wijk aan Zee II"]
[Date "1996.??.??"]
[Round "7"]
[White "Gretarsson, Helgi&Ass"]
[Black "Van der Wiel, John"]
[Result "1/2-1/2"]
[WhiteElo "2450"]
[BlackElo "2535"]
[PlyCount "55"]

1. d4 d6 2. c4 e5 3. Nf3 e4 4. Ng1 g6 5. Nc3 Bg7 6. Nxe4 Qh4 7. Nd2 Qxd4 8.
Ngf3 Qb6 9. g3 Nf6 10. Bg2 O-O 11. O-O a5 12. b3 Nc6 13. Bb2 a4 14. Bc3 Bf5 15.
b4 Nxb4 16. Nh4 Nh5 17. Bxg7 Nxg7 18. Nxf5 Nxf5 19. a3 Nc6 20. Rb1 Qa7 21. e3
Ng7 22. Ne4 Ne6 23. h4 Ncd8 24. Nf6+ Kh8 25. Qd2 Qa5 26. Qb2 Qe5 27. Qxe5 dxe5
28. Bxb7 1/2-1/2